000
00315nam a22001337a 4500
003
OSt
008
250113b |||||||| |||| 00| 0 eng d
041
_a
eng
100
_a
Grewal, BS
_9
6917
245
_a
Higher Engineering Mathematics
250
_a
15th
260
_a
Delhi:
_b
Khanna Publishers,
_c
1985.
942
_c
BK
999
_c
19018
_d
19018